00270nam a2200121Ia 4500003000400000005001700004008004100021020000800062040001700070100001700087245002600104260001800130OSt20240311112357.0170524s9999 xx 000 0 und d aNIL cIIMTU MEERUT aGUPTA- D. V. 0aBHAVAN NIRMAN PADARTH bM. NGR: ASIAN